Countries that won Uefa Champions League - Statistics

General Stats
  • This quiz has been taken 33 times
  • The average score is 69 of 70
Answer Stats
Hint Answer % Correct
1967-68 England
100%
1976-77 England
100%
1977-78 England
100%
1978-79 England
100%
1979-80 England
100%
1980-81 England
100%
1981-82 England
100%
1983-84 England
100%
1998-99 England
100%
2004-05 England
100%
2007-08 England
100%
2011-12 England
100%
2018-19 England
100%
2020-21 England
100%
2022-23 England
100%
1973-74 Germany
100%
1974-75 Germany
100%
1975-76 Germany
100%
1982-83 Germany
100%
1996-97 Germany
100%
2000-01 Germany
100%
2012-13 Germany
100%
2019-20 Germany
100%
1962-63 Italy
100%
1963-64 Italy
100%
1964-65 Italy
100%
1968-69 Italy
100%
1984-85 Italy
100%
1988-89 Italy
100%
1989-90 Italy
100%
1993-94 Italy
100%
1995-96 Italy
100%
2002-03 Italy
100%
2006-07 Italy
100%
2009-10 Italy
100%
1960-61 Portugal
100%
1961-62 Portugal
100%
1986-87 Portugal
100%
2003-04 Portugal
100%
1955-56 Spain
100%
1956-57 Spain
100%
1957-58 Spain
100%
1958-59 Spain
100%
1959-60 Spain
100%
1965-66 Spain
100%
1991-92 Spain
100%
1997-98 Spain
100%
1999-00 Spain
100%
2001-02 Spain
100%
2005-06 Spain
100%
2008-09 Spain
100%
2010-11 Spain
100%
2013-14 Spain
100%
2014-15 Spain
100%
2015-16 Spain
100%
2016-17 Spain
100%
2017-18 Spain
100%
2021-22 Spain
100%
2023-24 Spain
100%
1992-93 France
97%
2024-25 France
97%
1969-70 Netherlands
97%
1970-71 Netherlands
97%
1971-72 Netherlands
97%
1972-73 Netherlands
97%
1987-88 Netherlands
97%
1994-95 Netherlands
97%
1966-67 Scotland
90%
1985-86 Romania
84%
1990-91 Serbia
84%
No matching quizzes found
Score Distribution
Percent of People with Each Score
Percentile by Number Answered
Your Score History
You have not taken this quiz